| 000 | 00979cam a22001934a 4500 | ||
|---|---|---|---|
| 005 | 20250605164203.0 | ||
| 008 | 250528s ||||||||||||||||||||||||d | ||
| 035 | _a19781 | ||
| 040 |
_aGR-AtMCL _bgre _dGR-AtMCL _eAACR2 |
||
| 245 | 1 | _aΝομικών Οικονομικών Εμπορικών και Διοικήτικων Όρων - Law Economic Business and Management Terms / Λεξικό Αγγλοελληνικό και Ελληνοαγγλικό - An English-Greek and Greek-English Dictionary | |
| 250 | _a2nd | ||
| 260 |
_bΕπτάλοφος, _c1989 |
||
| 300 | _a246 | ||
| 520 | _aΠρόλογος, Books by Prof. Athan. J. Delicostopoulos, Introduction, Αγγλοελληνικό Λεξικό/ English-Greek Dictionary, Ελληνοαγγλικό Λεξικό/ Greek-English Dictionary, Συντομογραφίαι - Abbreviations. | ||
| 700 | 1 |
_aΔεληκωστόπουλος Αθανάσιος Ι _95978 |
|
| 942 | _cBK | ||
| 999 |
_c5035 _d5035 |
||